000 00640cam a22002293a 4500
001 31427
003 PGUSA
005 20140828083659.0
008 100227s2010||||xxu|||||s|||||000 | eng d
040 _aPGUSA
_beng
042 _adc
050 4 _aBX
100 1 _aEddy, Mary Baker,
_d1821-1910
245 1 0 _aMiscellaneous Writings, 1883-1896
_h[electronic resource] /
_cMary Baker Eddy
260 _bProject Gutenberg,
_c2010
506 _aPublic domain in the USA.
516 _aElectronic text
653 _aChristian Science
830 0 _aProject Gutenberg
_v31427
856 4 0 _uhttp://www.gutenberg.org/ebooks/31427
942 _cEB
999 _c260682
_d260682